Statistics for Top 5 Longest Brazilian Rivers

Click here to take the quiz!

General Stats

  • This quiz has been taken 38 times
  • The average score is 1 of 5

Answer Stats

HintAnswer% Correct
3,977 milesAmazon River
100%
2,100 milesMadeira River
6%
3,032 milesParana River
6%
1,926 milesJurua River
3%
1,839 milesPurus River
3%

Score Distribution

Percentile by Number Answered

Percent of People with Each Score

Your Score History

You have not taken this quiz